Tradiciones costarricenses

Na minha lista:
Detalhes bibliográficos
Autor principal: Chacón Trejos, Gonzalo
Formato: Livro
Idioma:Undetermined
Publicado em: San José, Costa Rica Editorial Costa Rica 1990
Edição:5
Assuntos:
Tags: Adicionar Tag
Sem tags, seja o primeiro a adicionar uma tag!

MARC

LEADER 00000nam a2200000Ia 4500
008 170316s9999 xx 000 0 und d
040 |a cru BVZT 
090 |a 868 Ch-1t 
100 |a Chacón Trejos, Gonzalo 
245 |a Tradiciones costarricenses 
250 |a 5 
260 |a San José, Costa Rica  |b Editorial Costa Rica  |c 1990 
300 |a 139 páginas 
650 |a LITERATURA COSTARRICENSE 
942 |c 15 D 
999 |c 10871  |d 10871